<?xml version="1.0" encoding="UTF-8"?><?xml-stylesheet type="text/xsl" href="static/style.xsl"?><OAI-PMH xmlns="http://www.openarchives.org/OAI/2.0/" xmlns:xsi="http://www.w3.org/2001/XMLSchema-instance" xsi:schemaLocation="http://www.openarchives.org/OAI/2.0/ http://www.openarchives.org/OAI/2.0/OAI-PMH.xsd"><responseDate>2026-06-01T08:29:41Z</responseDate><request verb="GetRecord" identifier="oai:riuma.uma.es:10630/45392" metadataPrefix="marc">https://riuma.uma.es/rest/oai/request</request><GetRecord><record><header><identifier>oai:riuma.uma.es:10630/45392</identifier><datestamp>2026-02-13T00:46:30Z</datestamp><setSpec>com_10630_2254</setSpec><setSpec>col_10630_37956</setSpec></header><metadata><record xmlns="http://www.loc.gov/MARC21/slim" xmlns:dcterms="http://purl.org/dc/terms/" xmlns:doc="http://www.lyncode.com/xoai" xmlns:xsi="http://www.w3.org/2001/XMLSchema-instance" xsi:schemaLocation="http://www.loc.gov/MARC21/slim http://www.loc.gov/standards/marcxml/schema/MARC21slim.xsd">
   <leader>00925njm 22002777a 4500</leader>
   <datafield ind2=" " ind1=" " tag="042">
      <subfield code="a">dc</subfield>
   </datafield>
   <datafield ind2=" " ind1=" " tag="720">
      <subfield code="a">Márquez-Chamizo, Esperanza</subfield>
      <subfield code="e">author</subfield>
   </datafield>
   <datafield ind2=" " ind1=" " tag="260">
      <subfield code="c">2025-10-12</subfield>
   </datafield>
   <datafield ind2=" " ind1=" " tag="520">
      <subfield code="a">La Unión Europea carece de competencias soberanas, cuya titularidad únicamente ostentan los Estados. Sus competencias de atribución son cedidas por ellos, que son los artífices de los Tratados Constitutivos. El Derecho originario, contenido en dichos Tratados, limita la actuación de las instituciones y su producción jurídica. Son el fundamento de la actuación de estas que se producirá en virtud del Derecho derivado.
El ordenamiento de la Unión Europea se caracteriza por su pluralidad y heterogeneidad. Tiene un sistema de fuentes propio (Derecho originario o primario, junto a principios generales y Derecho secundario o derivado producido por sus instituciones para el ejercicio de las competencias que los Estados han atribuido a la Unión). Este ordenamiento se caracteriza por su autonomía respecto al Derecho Internacional general y respecto al Derecho interno.
La aplicación del Derecho de la Unión y su cumplimiento implica la vigilancia, el control y la garantía de ese cumplimiento y, si es necesario, su aplicación judicial y la sanción de su incumplimiento.</subfield>
   </datafield>
   <datafield ind1="8" ind2=" " tag="024">
      <subfield code="a">MÁRQUEZ CHAMIZO, E., “La aplicación y garantía judicial del derecho de la Unión Europea”, El Derecho de la Unión Europea. Una aproximación teórico-práctica, BAUTISTA-HERNÁEZ, A. (dir.), PASTOR GARCÍA, A.M. (coord.), Tirant lo Blanch, Valencia, 2025. ISBN:979-13-7010-714-7, pp. 255-277. Disponible: https://doi.org/10.36151/TLB_9791370107147.7.</subfield>
   </datafield>
   <datafield ind1="8" ind2=" " tag="024">
      <subfield code="a">https://hdl.handle.net/10630/45392</subfield>
   </datafield>
   <datafield ind1="8" ind2=" " tag="024">
      <subfield code="a">10.36151/TLB_9791370107147.7</subfield>
   </datafield>
   <datafield tag="653" ind2=" " ind1=" ">
      <subfield code="a">Derecho comunitario</subfield>
   </datafield>
   <datafield ind2="0" ind1="0" tag="245">
      <subfield code="a">La aplicación y garantía judicial del derecho de la Unión Europea</subfield>
   </datafield>
</record>
</metadata></record></GetRecord></OAI-PMH>